| 000 | 00946nam a2200313Ia 4500 | ||
|---|---|---|---|
| 001 | Z_6019 | ||
| 003 | CHAP | ||
| 008 | 220113s1992 xx 000 0 und d | ||
| 010 | _a169233 | ||
| 020 | _a950-504-479-8 / 968-4963-067-0 | ||
| 040 | _cCHAP | ||
| 082 | _a636.1089 W96 | ||
| 100 |
_aWyn-Jones, Geraint _9122864 |
||
| 245 |
_aEnfermedades ortopédicas de los equinos / _cG. Wyn-Jones ; traductor Carlos H. Lightowler |
||
| 260 |
_aMéxico, D.F. : _bAGT Editor ; Buenos Aires, Argentina :, _bHemisferio sur, _c1992 |
||
| 300 | _aviii, 247 p | ||
| 500 | _aTraducción de: Equine Lameness | ||
| 503 | _aej.1. C/E, ej.2: C/E | ||
| 504 | _aIncluye bibliografía e índice | ||
| 650 |
_aCaballos _xVeterinaria _9143718 |
||
| 650 |
_aRenquera en los caballos _9143719 |
||
| 700 |
_aI. Lightowler, Carlos H. tr. _9143720 |
||
| 901 | _a636.1089 W96 | ||
| 902 | _aM | ||
| 910 | _a1992 | ||
| 942 | _c1 | ||
| 942 | _cc1 | ||
| 999 |
_c169233 _d169233 |
||